000 00769 a2200289 4500
502 _aThèse de Doctorat
260 _aWageningen
653 1 _aAgronomie
100 _aVAN DER ENT, Ed
041 _bEn
260 _bUniversité de Wageningen
300 _a114 p.
245 _aEnantiomer separation using membrane systems
650 _aENANTIOMER
650 _aSEPARATION
650 _aMEMBRANE
260 _c08 Mars 2002
300 _bIll., Couv. ill. ; 24 cm
130 _lEn
040 _aSupport
041 _bEn
653 1 _aNutrition et Sciences Alimentaires
100 _uAbomey-Calavi, Université d'Abomey-Calavi, Faculté des Sciences Agronomiques, Bj
690 _aSYSTEME DE SEPARATION
020 _a90-5808-600-3
999 _c32255
_d32255